[Event "17. Int. Offene Wiener Schachmeisterschaft 2011 A-
[Site "Grosser Festsaal im Wiener Rathaus"]
[Date "2011.08.19"]
[Round "7"]
[Board "1"]
[White "Jethan, Martin"]
[Black "Goumas, Georgios"]
[Result "0-1"]
[WhiteElo "2121"]
[BlackElo "2323"]
[PlyCount "90"]
[EventDate "2011.08.13"]
[EventRounds "9"]
[EventCountry "AUT"]

1.d4 d6 2.c4 e5 3.Nc3 exd4 4.Qxd4 Nc6 5.Qd2 Nf6 6.e4 a5 7.b3 a4 8.Rb1 axb3
9.axb3 g6 10.h3 Bg7 11.Nf3 O-O 12.Bd3 Nh5 13.Bb2 Ne5 14.Be2 f5 15.Nxe5 Bxe5
16.Bxh5 gxh5 17.O-O f4 18.f3 Qg5 19.Kh1 Be6 20.Ne2 Rf7 21.Bxe5 dxe5 22.Ng1 Rd7
23.Qe2 c5 24.Rfd1 Rd4 25.Rxd4 cxd4 26.Qd2 Kf7 27.Qb4 Ra2 28.Qxb7+ Kf6 29.Ne2
Rxe2 30.Rg1 Qg7 31.Qb8 Qg8 32.Qd6 h4 33.b4 Qe8 34.b5 Qe7 35.Qb8 Bxc4 36.b6 Kg7
37.Rc1 d3 38.Rxc4 d2 39.Rc7 d1=Q+ 40.Kh2 Qdd6 41.Qa7 Qg6 42.Rxe7+ Kh6 43.Rxh7+
Qxh7 44.Qa6 Rb2 45.b7+ Qg6 0-1

[Event "17. Int. Offene Wiener Schachmeisterschaft 2011 A-
[Site "Grosser Festsaal im Wiener Rathaus"]
[Date "2011.08.20"]
[Round "8"]
[Board "1"]
[White "Krivoborodov, Egor"]
[Black "Polak, Tomas"]
[Result "1/2-1/2"]
[WhiteElo "2507"]
[BlackElo "2540"]
[PlyCount "41"]
[EventDate "2011.08.13"]
[EventRounds "9"]
[EventCountry "AUT"]

1.e4 e5 2.Nf3 Nf6 3.Nxe5 d6 4.Nf3 Nxe4 5.Nc3 Nf6 6.d4 Be7 7.Bd3 O-O 8.h3 Nc6
9.a3 Re8 10.O-O h6 11.Bf4 Bf8 12.Qd2 Be6 13.Rae1 Qd7 14.Re2 Ne7 15.Rfe1 Ned5
16.Ne4 Bf5 17.Nxf6+ Nxf6 18.c4 c6 19.b3 Bxd3 20.Qxd3 Rxe2 21.Rxe2 1/2-1/2

[Event "17. Int. Offene Wiener Schachmeisterschaft 2011 A-
[Site "Grosser Festsaal im Wiener Rathaus"]
[Date "2011.08.20"]
[Round "8"]
[Board "1"]
[White "Ulibin, Mikhail"]
[Black "Shengelia, David"]
[Result "1/2-1/2"]
[WhiteElo "2538"]
[BlackElo "2513"]
[PlyCount "133"]
[EventDate "2011.08.13"]
[EventRounds "9"]
[EventCountry "AUT"]

1.e4 c5 2.Nf3 e6 3.c3 Nf6 4.e5 Nd5 5.d4 cxd4 6.cxd4 b6 7.Nc3 Nxc3 8.bxc3 Qc7
9.Bd2 d6 10.Bb5+ Bd7 11.a4 Nc6 12.Ng5 Be7 13.Qh5 Bxg5 14.Qxg5 Kf8 15.exd6 Qxd6
16.O-O f6 17.Qh4 Ne7 18.Bf4 Qd5 19.c4 Qb7 20.Bd6 Kf7 21.Bxe7 Kxe7 22.Rfe1 Kf7
23.Qh5+ g6 24.Qh3 Rad8 25.Ra3 Kg7 26.Bxd7 Qxd7 27.Rxe6 Rhe8 28.Rxe8 Qxe8 29.Re3
Rxd4 30.Qf3 Qd7 31.h3 Rxc4 32.Qe2 Rc1+ 33.Kh2 Qd6+ 34.g3 Qc6 35.Re7+ Kf8 36.Qe4
Qxe4 37.Rxe4 f5 38.Rh4 h5 39.Rd4 Ke7 40.g4 hxg4 41.hxg4 Ke6 42.Rb4 Kd6 43.gxf5
gxf5 44.Kg3 Rc5 45.Kf4 Kc6 46.Kg5 a6 47.Rh4 a5 48.Rh6+ Kb7 49.Rf6 Rc4 50.f4 Rxa4
51.Rxf5 Ra1 52.Rf7+ Ka6 53.f5 a4 54.f6 Rf1 55.Re7 b5 56.f7 Ka5 57.Kg6 a3 58.Re8
Rg1+ 59.Kf5 Rf1+ 60.Ke6 Rxf7 61.Kxf7 b4 62.Ra8+ Kb5 63.Ke6 Kc4 64.Kd6 b3 65.Ra4+
Kc3 66.Rxa3 Kc2 67.Rxb3 1/2-1/2

[Event "17. Int. Offene Wiener Schachmeisterschaft 2011 A-
[Site "Grosser Festsaal im Wiener Rathaus"]
[Date "2011.08.20"]
[Round "8"]
[Board "1"]
[White "Khenkin, Igor"]
[Black "Fauland, Alexander"]
[Result "1-0"]
[WhiteElo "2620"]
[BlackElo "2477"]
[PlyCount "53"]
[EventDate "2011.08.13"]
[EventRounds "9"]
[EventCountry "AUT"]

1.d4 Nf6 2.c4 e6 3.Nf3 Bb4+ 4.Bd2 c5 5.Bxb4 cxb4 6.Nbd2 O-O 7.e3 d6 8.Bd3 Re8
9.O-O e5 10.Qc2 Bg4 11.dxe5 dxe5 12.Ng5 h6 13.Nge4 Nbd7 14.h3 Be6 15.c5 Qc7
16.Rac1 Bd5 17.Rfd1 a5 18.a3 bxa3 19.bxa3 Re6 20.Nc3 Bc6 21.Nb5 Qb8 22.Bc4 Re7
23.Nd6 b5 24.Bxb5 Bxb5 25.Rb1 Qa7 26.Rxb5 Nf8 27.N2c4 1-0

[Event "17. Int. Offene Wiener Schachmeisterschaft 2011 A-
[Site "Grosser Festsaal im Wiener Rathaus"]
[Date "2011.08.20"]
[Round "8"]
[Board "1"]
[White "Hertneck, Gerald"]
[Black "Zeller, Frank"]
[Result "1-0"]
[WhiteElo "2551"]
[BlackElo "2395"]
[PlyCount "107"]
[EventDate "2011.08.13"]
[EventRounds "9"]
[EventCountry "AUT"]

1.d4 Nf6 2.c4 e6 3.Nc3 Bb4 4.Qc2 d5 5.cxd5 exd5 6.Bg5 c5 7.dxc5 h6 8.Bxf6 Qxf6
9.e3 Nd7 10.Rd1 O-O 11.Rd4 a5 12.a3 Bxc5 13.Rxd5 Ba7 14.Nf3 Nc5 15.Bc4 Be6
16.Rd4 Bf5 17.Qe2 Rfe8 18.O-O Ne6 19.Nd5 Qg6 20.Rh4 Be4 21.Rd1 Nd4 22.Rxd4 Bxd4
23.Rxe4 Qxe4 24.Nxd4 Qb1+ 25.Qf1 Qxb2 26.Nb5 Rac8 27.g3 Re5 28.e4 Rxe4 29.Nd6
Rcxc4 30.Nxc4 Qb3 31.Nde3 Rd4 32.Qc1 a4 33.Na5 Qb6 34.Qc8+ Rd8 35.Qf5 Ra8
36.Nac4 Qd4 37.Qb5 Rb8 38.Qxa4 b5 39.Qb4 Qa7 40.Ne5 Qc7 41.Nd3 Ra8 42.Qxb5 Rxa3
43.Qe8+ Kh7 44.Qe4+ Kg8 45.Nd5 Qd8 46.N3f4 Ra6 47.Qe5 Kf8 48.Nh5 Rg6 49.h4 Rg4
50.Nhf4 Kg8 51.Ne3 Qxh4 52.Nxg4 Qxg4 53.Qe8+ Kh7 54.Qxf7 1-0

[Event "17. Int. Offene Wiener Schachmeisterschaft 2011 A-
[Site "Grosser Festsaal im Wiener Rathaus"]
[Date "2011.08.20"]
[Round "8"]
[Board "1"]
[White "Stanec, Nikolaus"]
[Black "Jakovljevic, Vlado"]
[Result "1-0"]
[WhiteElo "2536"]
[BlackElo "2377"]
[PlyCount "73"]
[EventDate "2011.08.13"]
[EventRounds "9"]
[EventCountry "AUT"]

1.c4 c5 2.g3 Nf6 3.Bg2 d5 4.Nf3 d4 5.b4 cxb4 6.a3 bxa3 7.Bxa3 Nc6 8.Qa4 Bd7 9.d3
g6 10.O-O e5 11.Nbd2 Be7 12.Rfb1 Rb8 13.Ng5 O-O 14.Nge4 Nxe4 15.Nxe4 Bxa3
16.Qxa3 b6 17.h4 f5 18.Ng5 Rf6 19.c5 Qe7 20.Qa2+ Kg7 21.cxb6 Rxb6 22.Rxb6 axb6
23.Qc4 h6 24.Nf3 Rd6 25.Ra8 Be6 26.Qb5 Bd5 27.Qxb6 Bxf3 28.Bxf3 e4 29.Bg2 exd3
30.exd3 Ne5 31.Qb8 Nf7 32.Qg8+ Kf6 33.Rf8 h5 34.Qh8+ Ke6 35.Qg7 Ne5 36.Qg8+ Nf7
37.Re8 1-0

[Event "17. Int. Offene Wiener Schachmeisterschaft 2011 A-
[Site "Grosser Festsaal im Wiener Rathaus"]
[Date "2011.08.20"]
[Round "8"]
[Board "1"]
[White "Rombaldoni, Denis"]
[Black "Schneider-Zinner, Harald"]
[Result "1/2-1/2"]
[WhiteElo "2495"]
[BlackElo "2346"]
[PlyCount "66"]
[EventDate "2011.08.13"]
[EventRounds "9"]
[EventCountry "AUT"]

1.d4 d5 2.c4 e6 3.Nf3 c5 4.cxd5 exd5 5.g3 Nc6 6.Bg2 Nf6 7.O-O Be7 8.dxc5 Bxc5
9.Bg5 O-O 10.Nc3 d4 11.Bxf6 Qxf6 12.Nd5 Qd8 13.Nd2 Re8 14.Rc1 Bb6 15.Nc4 Bg4
16.Re1 Bc5 17.a3 a6 18.b4 Ba7 19.h3 Bxh3 20.Bxh3 Qxd5 21.Bg2 Qd7 22.Qd3 Rad8
23.Rc2 b5 24.Bxc6 Qxc6 25.Na5 Qd5 26.Nc6 Rd6 27.e4 Qh5 28.Nxa7 Rh6 29.Kf1 Qg4
30.Rec1 Rh1+ 31.Kg2 Qh3+ 32.Kf3 Qh5+ 33.Kg2 Qh3+ 1/2-1/2

[Event "17. Int. Offene Wiener Schachmeisterschaft 2011 A-
[Site "Grosser Festsaal im Wiener Rathaus"]
[Date "2011.08.20"]
[Round "8"]
[Board "1"]
[White "Ortmann, David"]
[Black "Riff, Jean-Noel"]
[Result "1/2-1/2"]
[WhiteElo "2322"]
[BlackElo "2493"]
[PlyCount "33"]
[EventDate "2011.08.13"]
[EventRounds "9"]
[EventCountry "AUT"]

1.Nf3 Nf6 2.c4 e6 3.g3 d5 4.Bg2 Be7 5.O-O O-O 6.d4 c6 7.Qc2 Nbd7 8.Nbd2 b6 9.e4
Bb7 10.e5 Ne8 11.cxd5 cxd5 12.Re1 Ba6 13.Nf1 Rc8 14.Qa4 Bd3 15.Bd2 a5 16.Rec1
Nc7 17.Ne3 1/2-1/2

[Event "17. Int. Offene Wiener Schachmeisterschaft 2011 A-
[Site "Grosser Festsaal im Wiener Rathaus"]
[Date "2011.08.20"]
[Round "8"]
[Board "1"]
[White "Farago, Ivan"]
[Black "Krebs, Johann"]
[Result "1-0"]
[WhiteElo "2485"]
[BlackElo "2256"]
[PlyCount "45"]
[EventDate "2011.08.13"]
[EventRounds "9"]
[EventCountry "AUT"]

1.d4 Nf6 2.c4 c5 3.d5 d6 4.Nc3 g6 5.e4 Bg7 6.Be2 O-O 7.Bf4 Re8 8.Nf3 e6 9.dxe6
Bxe6 10.Bxd6 Nc6 11.O-O Bg4 12.h3 Bxf3 13.Bxf3 Qa5 14.Bg3 Rad8 15.Nd5 Ne5 16.Bh4
Qa6 17.Be2 Rd6 18.f4 Nxc4 19.Bxf6 Bxf6 20.e5 Bxe5 21.fxe5 Rxe5 22.Bxc4 b5
23.Bxb5 1-0

[Event "17. Int. Offene Wiener Schachmeisterschaft 2011 A-
[Site "Grosser Festsaal im Wiener Rathaus"]
[Date "2011.08.20"]
[Round "8"]
[Board "1"]
[White "Rau, Hannes"]
[Black "Larmuseau, Maarten"]
[Result "1-0"]
[WhiteElo "2448"]
[BlackElo "2222"]
[PlyCount "63"]
[EventDate "2011.08.13"]
[EventRounds "9"]
[EventCountry "AUT"]

1.d4 Nf6 2.c4 e6 3.g3 c5 4.Nf3 cxd4 5.Nxd4 d5 6.Bg2 e5 7.Nb3 Bb4+ 8.Bd2 Bxd2+
9.Qxd2 dxc4 10.Qxd8+ Kxd8 11.Na5 Nc6 12.Bxc6 bxc6 13.Nxc6+ Kc7 14.Nxe5 Ba6
15.Nc3 Rhe8 16.f4 Bb7 17.O-O Nd5 18.Nb5+ Kb6 19.Nd6 Re6 20.Nexc4+ Kc5 21.Nxb7+
Kxc4 22.Rac1+ Kb4 23.a3+ Kb5 24.Rc5+ Kb6 25.Rxd5 Kxb7 26.Rd7+ Kb6 27.Rxf7 Rxe2
28.Rf2 Re1+ 29.Kg2 Rg8 30.Rd2 g5 31.fxg5 Rxg5 32.Rxh7 1-0

[Event "17. Int. Offene Wiener Schachmeisterschaft 2011 A-
[Site "Grosser Festsaal im Wiener Rathaus"]
[Date "2011.08.20"]
[Round "8"]
[Board "1"]
[White "Lekic, Dusan"]
[Black "Biti, Ozren"]
[Result "1/2-1/2"]
[WhiteElo "2378"]
[BlackElo "2400"]
[PlyCount "111"]
[EventDate "2011.08.13"]
[EventRounds "9"]
[EventCountry "AUT"]

1.d4 Nf6 2.c4 Nc6 3.Nf3 e6 4.Nc3 Bb4 5.Bg5 h6 6.Bxf6 Qxf6 7.e3 d6 8.Rc1 O-O 9.a3
Bxc3+ 10.Rxc3 e5 11.d5 Nb8 12.e4 c5 13.Nd2 Qe7 14.g4 f6 15.h4 Nd7 16.Rg3 g5
17.Rgh3 Qg7 18.hxg5 hxg5 19.f3 Rf7 20.Qe2 Nf8 21.Qh2 Ng6 22.Bd3 Nh4 23.Nf1 Kf8
24.Ne3 Ke7 25.Ng2 Nxg2+ 26.Qxg2 Bd7 27.R1h2 Rg8 28.Qh1 Kd8 29.Kf2 Kc7 30.Kg3 Qf8
31.b4 b6 32.Bc2 Qe7 33.Qd1 Rgg7 34.Ba4 Rh7 35.Bxd7 Rxh3+ 36.Rxh3 Qxd7 37.Rh8 Rh7
38.Rf8 Rh4 39.bxc5 Qh7 40.cxd6+ Kxd6 41.c5+ Ke7 42.d6+ Kxf8 43.d7 Rh3+ 44.Kf2
Rxf3+ 45.Kxf3 Qh3+ 46.Kf2 Qh2+ 47.Ke3 Qg3+ 48.Kd2 Ke7 49.c6 Qxa3 50.Qc2 Qd6+
51.Ke2 Qc7 52.Qc4 a5 53.Kf3 Qd6 54.Ke2 Qa3 55.Qc2 Qg3 56.Qc4 1/2-1/2

[Event "17. Int. Offene Wiener Schachmeisterschaft 2011 A-
[Site "Grosser Festsaal im Wiener Rathaus"]
[Date "2011.08.20"]
[Round "8"]
[Board "1"]
[White "Certek, Pavel"]
[Black "Gleizerov, Evgeny"]
[Result "1/2-1/2"]
[WhiteElo "2314"]
[BlackElo "2590"]
[PlyCount "137"]
[EventDate "2011.08.13"]
[EventRounds "9"]
[EventCountry "AUT"]

1.d4 e6 2.Nd2 d5 3.e4 Nf6 4.Bd3 c5 5.dxc5 Bxc5 6.exd5 exd5 7.Nb3 Bb6 8.Qe2+ Be6
9.Be3 O-O 10.Bxb6 Qxb6 11.Qe3 Qd6 12.Qg3 Qb6 13.Qe3 d4 14.Qxd4 Bxb3 15.Qxb6 axb6
16.cxb3 Nc6 17.Nf3 Nb4 18.Bb1 Rfe8+ 19.Kf1 Rad8 20.g3 Rd1+ 21.Kg2 Rxh1 22.Kxh1
Re2 23.a3 Nbd5 24.Kg1 Rxb2 25.Bf5 Rxb3 26.Nd4 Rc3 27.Nb5 Rc6 28.Nd4 Rc4 29.Nb5
g6 30.Bd3 Rc6 31.Bf1 Ne4 32.Rd1 Rc5 33.Rd4 Ng5 34.Kg2 Ne6 35.Rd2 Nc3 36.Nxc3
Rxc3 37.a4 Nc5 38.Bb5 Ra3 39.Rd4 Kf8 40.h4 h5 41.Kf1 Ra2 42.Kg2 Ke7 43.Kf3 Ra1
44.Kg2 Re1 45.Kf3 Re6 46.Rb4 Nd7 47.Kg2 Nb8 48.Bd3 Na6 49.Rb2 Nc5 50.Bb5 Re4
51.Ra2 f6 52.Ra3 Kd6 53.Kf3 g5 54.hxg5 fxg5 55.Ra1 Ke5 56.Kg2 h4 57.f4+ gxf4
58.gxh4 Re3 59.h5 Ne4 60.Bf1 Rg3+ 61.Kh2 Ng5 62.Bg2 Rg4 63.Bxb7 f3 64.a5 Rg2+
65.Kh1 Re2 66.a6 f2 67.Rf1 Ne6 68.a7 Nc7 69.a8=Q 1/2-1/2

[Event "17. Int. Offene Wiener Schachmeisterschaft 2011 A-
[Site "Grosser Festsaal im Wiener Rathaus"]
[Date "2011.08.20"]
[Round "8"]
[Board "1"]
[White "Goumas, Georgios"]
[Black "Degraeve, Jean-Marc"]
[Result "1/2-1/2"]
[WhiteElo "2323"]
[BlackElo "2574"]
[PlyCount "104"]
[EventDate "2011.08.13"]
[EventRounds "9"]
[EventCountry "AUT"]

1.c4 g6 2.Nc3 Bg7 3.g3 d6 4.Bg2 e5 5.d3 f5 6.e4 Nf6 7.Nge2 O-O 8.O-O Nc6 9.f4
Kh8 10.h3 Be6 11.Nd5 Qd7 12.Kh2 Rae8 13.Nec3 Nd4 14.fxe5 dxe5 15.Nxf6 Bxf6
16.Bh6 Bg7 17.exf5 gxf5 18.Qh5 c6 19.Rae1 Rg8 20.Bg5 Bf7 21.Qh4 Bg6 22.Ne2 Ne6
23.Bf6 Qxd3 24.Nc3 Qd4 25.g4 Rgf8 26.Bxg7+ Nxg7 27.Rd1 Qxc4 28.Rd7 fxg4 29.Qxg4
Qxg4 30.hxg4 Rxf1 31.Bxf1 Rb8 32.Bg2 Ne6 33.Re7 Nc5 34.b4 Nd3 35.a3 a5 36.bxa5
Ra8 37.Be4 Nc5 38.Bxg6 hxg6 39.Rxe5 Rxa5 40.Ne4 b6 41.Nxc5 bxc5 42.Re6 Kg7
43.Rxc6 Kh6 44.a4 Rxa4 45.Rxc5 Rxg4 46.Kh3 Ra4 47.Rb5 g5 48.Kg3 Kh5 49.Rc5 Ra3+
50.Kg2 Kh4 51.Rc4+ g4 52.Rc2 Rb3 1/2-1/2

[Event "17. Int. Offene Wiener Schachmeisterschaft 2011 A-
[Site "Grosser Festsaal im Wiener Rathaus"]
[Date "2011.08.20"]
[Round "8"]
[Board "1"]
[White "Gozzoli, Yannick"]
[Black "Maryasin, Boris"]
[Result "1-0"]
[WhiteElo "2532"]
[BlackElo "2321"]
[PlyCount "61"]
[EventDate "2011.08.13"]
[EventRounds "9"]
[EventCountry "AUT"]

1.d4 Nf6 2.c4 g6 3.Nc3 Bg7 4.e4 d6 5.Nf3 O-O 6.h3 e5 7.d5 Na6 8.Bg5 Qe8 9.g4 Nc5
10.Nd2 a5 11.Rg1 c6 12.Qf3 Nfd7 13.O-O-O Nb6 14.Nb3 Nxb3+ 15.axb3 c5 16.Nb5 Qd7
17.Bf6 a4 18.g5 axb3 19.Bxg7 Kxg7 20.Qf6+ Kg8 21.Rg3 Ra4 22.Nxd6 Ra1+ 23.Kd2 Qa4
24.Qxe5 Ra2 25.Rb1 Bd7 26.Qc3 Ra1 27.Bd3 Rxb1 28.Bxb1 Qa6 29.e5 Ba4 30.Bd3 Nc8
31.Ne4 1-0

[Event "17. Int. Offene Wiener Schachmeisterschaft 2011 A-
[Site "Grosser Festsaal im Wiener Rathaus"]
[Date "2011.08.20"]
[Round "8"]
[Board "1"]
[White "De Groote, Ewoud"]
[Black "Timoscenko, Gennadij"]
[Result "1-0"]
[WhiteElo "2263"]
[BlackElo "2502"]
[PlyCount "89"]
[EventDate "2011.08.13"]
[EventRounds "9"]
[EventCountry "AUT"]

1.e4 e5 2.Nf3 Nc6 3.Bb5 a6 4.Ba4 Nf6 5.Qe2 b5 6.Bb3 Be7 7.O-O O-O 8.c3 d5 9.d3
Bb7 10.Rd1 h6 11.Nbd2 Re8 12.Nf1 Bf8 13.Ng3 g6 14.h4 Na5 15.Bc2 h5 16.Bg5 Bg7
17.b4 Nc6 18.exd5 Ne7 19.c4 c6 20.Ne4 Nf5 21.dxc6 Bxc6 22.a4 bxa4 23.Bxa4 Bxa4
24.Rxa4 Qb6 25.Rda1 Nd4 26.Nxd4 Nxe4 27.Qxe4 exd4 28.Qf3 Rac8 29.Bd2 Re6 30.c5
Qc6 31.Qxc6 Rcxc6 32.Bf4 Bf8 33.Kf1 Be7 34.g3 f6 35.Bc1 f5 36.Bf4 Kf7 37.R4a2
Ke8 38.Re1 Rxe1+ 39.Kxe1 Kd7 40.Kd1 Bd8 41.Bd6 g5 42.hxg5 Bxg5 43.Kc2 f4 44.gxf4
Be7 45.b5 1-0

[Event "17. Int. Offene Wiener Schachmeisterschaft 2011 A-
[Site "Grosser Festsaal im Wiener Rathaus"]
[Date "2011.08.20"]
[Round "8"]
[Board "1"]
[White "Enoeckl, Philipp"]
[Black "Diermair, Andreas"]
[Result "1/2-1/2"]
[WhiteElo "2277"]
[BlackElo "2432"]
[PlyCount "52"]
[EventDate "2011.08.13"]
[EventRounds "9"]
[EventCountry "AUT"]

1.d4 d5 2.c4 e6 3.Nf3 Nf6 4.Nc3 c6 5.Bg5 h6 6.Bxf6 Qxf6 7.e3 Nd7 8.Bd3 dxc4
9.Bxc4 g6 10.O-O Qe7 11.e4 Bg7 12.e5 O-O 13.Qe2 b6 14.Rfe1 a6 15.Rad1 Bb7 16.h4
Rfd8 17.Bb3 b5 18.h5 gxh5 19.Ne4 c5 20.Ng3 cxd4 21.Nxh5 Nc5 22.Nxd4 Nxb3 23.axb3
Rd5 24.f4 Kh8 25.Nc2 Rg8 26.Rxd5 Bxd5 1/2-1/2

[Event "17. Int. Offene Wiener Schachmeisterschaft 2011 A-
[Site "Grosser Festsaal im Wiener Rathaus"]
[Date "2011.08.20"]
[Round "8"]
[Board "1"]
[White "Poetz, Florian"]
[Black "Stromboli, Carlo"]
[Result "1/2-1/2"]
[WhiteElo "2416"]
[BlackElo "2304"]
[PlyCount "36"]
[EventDate "2011.08.13"]
[EventRounds "9"]
[EventCountry "AUT"]

1.e4 e5 2.Nf3 Nc6 3.Bb5 a6 4.Ba4 Nf6 5.O-O b5 6.Bb3 Bc5 7.a4 Bb7 8.d3 d6 9.Nc3
b4 10.Nd5 Na5 11.Nxf6+ Qxf6 12.Bd5 Bxd5 13.exd5 O-O 14.Nd2 Qg6 15.Ne4 Bb6 16.Qe1
f5 17.Ng5 f4 18.Nf3 Bc5 1/2-1/2

[Event "17. Int. Offene Wiener Schachmeisterschaft 2011 A-
[Site "Grosser Festsaal im Wiener Rathaus"]
[Date "2011.08.20"]
[Round "8"]
[Board "1"]
[White "Barle, Janez"]
[Black "Beckhuis, Gernod"]
[Result "0-1"]
[WhiteElo "2410"]
[BlackElo "2300"]
[PlyCount "78"]
[EventDate "2011.08.13"]
[EventRounds "9"]
[EventCountry "AUT"]

1.e4 e5 2.Nf3 Nc6 3.Bc4 Nf6 4.Nc3 Nxe4 5.Nxe4 d5 6.Bd3 dxe4 7.Bxe4 Bd6 8.O-O O-O
9.Re1 Re8 10.c3 Bg4 11.d3 h6 12.h3 Bd7 13.b4 Qf6 14.Bb2 Rad8 15.b5 Nb8 16.c4 Bc8
17.d4 exd4 18.Bxd4 Qf4 19.g3 Qxe4 20.Rxe4 Rxe4 21.Bxa7 Bxh3 22.Qd5 Ree8 23.Re1
Be6 24.Qxb7 Nd7 25.Qc6 Nf6 26.Bd4 Bb4 27.Bxf6 gxf6 28.Rb1 Ba5 29.Nd4 Bc8 30.Nb3
Re6 31.Qf3 Be1 32.Kf1 Rde8 33.Nd4 Re5 34.Kg1 Re4 35.Nc2 Bb7 36.Qxf6 Re2 37.Ne3
Bxf2+ 38.Kf1 Bxe3 39.Re1 Rxe1+ 0-1

[Event "17. Int. Offene Wiener Schachmeisterschaft 2011 A-
[Site "Grosser Festsaal im Wiener Rathaus"]
[Date "2011.08.20"]
[Round "8"]
[Board "1"]
[White "Poetsch, Hagen"]
[Black "Wittmann, Walter"]
[Result "1-0"]
[WhiteElo "2403"]
[BlackElo "2295"]
[PlyCount "73"]
[EventDate "2011.08.13"]
[EventRounds "9"]
[EventCountry "AUT"]

1.e4 c5 2.Nf3 d6 3.d4 cxd4 4.Nxd4 Nf6 5.Nc3 Nc6 6.Bg5 e6 7.Qd2 Be7 8.O-O-O Nxd4
9.Qxd4 O-O 10.f3 Bd7 11.h4 Bc6 12.Kb1 Qc7 13.Nb5 Bxb5 14.Bxb5 Rfd8 15.Rhe1 a6
16.Bd3 b5 17.c3 Rab8 18.Bc2 a5 19.g4 Rbc8 20.Qd3 Qb7 21.Bxf6 Bxf6 22.e5 dxe5
23.Qxh7+ Kf8 24.Be4 Qb6 25.g5 b4 26.gxf6 gxf6 27.Rxd8+ Rxd8 28.Qh6+ Ke7 29.cxb4
Qxb4 30.Qc1 Rc8 31.Qxc8 Qxe1+ 32.Qc1 Qxh4 33.Qc5+ Kd8 34.Qxa5+ Kd7 35.Qb5+ Kc7
36.Qc5+ Kd8 37.a3 1-0

[Event "17. Int. Offene Wiener Schachmeisterschaft 2011 A-
[Site "Grosser Festsaal im Wiener Rathaus"]
[Date "2011.08.20"]
[Round "8"]
[Board "1"]
[White "Bykov, Alexey"]
[Black "Webersberger, Johann"]
[Result "1/2-1/2"]
[WhiteElo "2278"]
[BlackElo "2381"]
[PlyCount "54"]
[EventDate "2011.08.13"]
[EventRounds "9"]
[EventCountry "AUT"]

1.d4 Nf6 2.c4 c5 3.d5 g6 4.Nc3 Bg7 5.g3 O-O 6.Bg2 d6 7.Nf3 e5 8.O-O Nh5 9.e4 h6
10.Ne1 Nd7 11.Nd3 a6 12.a3 Nb6 13.b3 f5 14.Bf3 Nf6 15.Bb2 Nh7 16.exf5 Bxf5
17.Bg2 Nd7 18.Ne4 Ndf6 19.f3 Nxe4 20.fxe4 Bd7 21.Rxf8+ Qxf8 22.b4 b6 23.bxc5
bxc5 24.Nf2 Rb8 25.Bc1 h5 26.Qe2 Bh6 27.Bh3 Bxh3 1/2-1/2

[Event "17. Int. Offene Wiener Schachmeisterschaft 2011 A-
[Site "Grosser Festsaal im Wiener Rathaus"]
[Date "2011.08.20"]
[Round "8"]
[Board "1"]
[White "Jicman, Ligia Letitia"]
[Black "Kummer, Helmut"]
[Result "0-1"]
[WhiteElo "2188"]
[BlackElo "2362"]
[PlyCount "44"]
[EventDate "2011.08.13"]
[EventRounds "9"]
[EventCountry "AUT"]

1.e4 e5 2.Nf3 Nf6 3.Nxe5 d6 4.Nf3 Nxe4 5.d4 d5 6.Bd3 Bd6 7.O-O O-O 8.c4 c6 9.Nc3
Nxc3 10.bxc3 dxc4 11.Bxc4 Bg4 12.Re1 Nd7 13.Bd3 Qa5 14.h3 Bh5 15.Bd2 Rae8 16.c4
Qd8 17.Rb1 b6 18.Bc3 Rxe1+ 19.Bxe1 Re8 20.Rb3 Bxf3 21.gxf3 Qg5+ 22.Kf1 Bh2 0-1

[Event "17. Int. Offene Wiener Schachmeisterschaft 2011 A-
[Site "Grosser Festsaal im Wiener Rathaus"]
[Date "2011.08.20"]
[Round "8"]
[Board "1"]
[White "Scharrer, Patrick"]
[Black "Vlcek, Stanislav"]
[Result "1-0"]
[WhiteElo "2233"]
[BlackElo "2335"]
[PlyCount "101"]
[EventDate "2011.08.13"]
[EventRounds "9"]
[EventCountry "AUT"]

1.e4 c5 2.Nf3 d6 3.d4 cxd4 4.Nxd4 Nf6 5.Nc3 a6 6.h3 e6 7.g4 b5 8.Bg2 Bb7 9.O-O
Qc7 10.Re1 Be7 11.Nd5 exd5 12.exd5 O-O 13.g5 g6 14.gxf6 Bxf6 15.Bh6 Rc8 16.c3
Nd7 17.Qf3 Qd8 18.Nc6 Ne5 19.Rxe5 Bxc6 20.Re4 Bd7 21.Rf4 Bg5 22.Bxg5 Qxg5
23.Rxf7 Bxh3 24.Rb7 Qxg2+ 25.Qxg2 Bxg2 26.Kxg2 Rab8 27.Ra7 Ra8 28.Rxa8 Rxa8
29.a4 b4 30.cxb4 Rb8 31.b5 axb5 32.a5 b4 33.Kf3 Kf7 34.a6 Ke7 35.Kg4 h6 36.f4
Kd7 37.f5 h5+ 38.Kg5 gxf5 39.Kxh5 Kc7 40.a7 Ra8 41.Kg5 f4 42.Kxf4 Kb7 43.Kf5
Rf8+ 44.Ke6 Ka8 45.Kxd6 Rf2 46.Kc7 Rxb2 47.Kb6 Rh2 48.Rc1 Rh8 49.d6 b3 50.d7
Rh6+ 51.Rc6 1-0

[Event "17. Int. Offene Wiener Schachmeisterschaft 2011 A-
[Site "Grosser Festsaal im Wiener Rathaus"]
[Date "2011.08.20"]
[Round "8"]
[Board "1"]
[White "Froewis, Georg"]
[Black "Wahl, Felix"]
[Result "1-0"]
[WhiteElo "2329"]
[BlackElo "2069"]
[PlyCount "67"]
[EventDate "2011.08.13"]
[EventRounds "9"]
[EventCountry "AUT"]

1.g3 d5 2.Bg2 e5 3.d3 Nc6 4.a3 Be6 5.b4 Qd7 6.Nd2 f6 7.Bb2 g5 8.c4 h5 9.h4 g4
10.e3 Bg7 11.Ne2 Nge7 12.O-O Ng6 13.Qc2 Nce7 14.d4 c6 15.dxe5 fxe5 16.Rad1 O-O
17.Ne4 Bf5 18.cxd5 cxd5 19.Qb3 b6 20.Ng5 Kh8 21.e4 Be6 22.Nxe6 Qxe6 23.exd5 Qf7
24.Nc3 Nf5 25.Ne4 Bf6 26.Qd3 Bxh4 27.gxh4 Nfxh4 28.Ng5 Qf6 29.f4 Kg8 30.Bxe5 Qf5
31.Be4 Nxe5 32.Bxf5 Nxd3 33.Bxd3 Nf5 34.Ne6 1-0

[Event "17. Int. Offene Wiener Schachmeisterschaft 2011 A-
[Site "Grosser Festsaal im Wiener Rathaus"]
[Date "2011.08.20"]
[Round "8"]
[Board "1"]
[White "Ernst, Michael"]
[Black "Georgiadis, Nico"]
[Result "1/2-1/2"]
[WhiteElo "2146"]
[BlackElo "2328"]
[PlyCount "162"]
[EventDate "2011.08.13"]
[EventRounds "9"]
[EventCountry "AUT"]

1.d4 d5 2.Bf4 c5 3.e3 Nc6 4.Nf3 Bg4 5.c3 e6 6.Nbd2 Bd6 7.Bg3 Nf6 8.Qb3 Bxg3
9.hxg3 Qc7 10.dxc5 e5 11.Bb5 O-O 12.Rh4 Bf5 13.Qd1 Ne7 14.b4 Ng6 15.Rh1 Rad8
16.Kf1 b6 17.c6 a6 18.Be2 Qxc6 19.Rc1 b5 20.Nh4 Nxh4 21.Rxh4 Bg6 22.g4 Nd7
23.Nb3 Nb6 24.Nc5 Nc4 25.Kg1 Rd6 26.g5 f6 27.gxf6 Rdxf6 28.Bxc4 dxc4 29.Qd7 Qa8
30.Rf1 Rd8 31.Qe7 Qd5 32.Rg4 Qd6 33.Qxd6 Rdxd6 34.Rg5 Rd2 35.Rxe5 Rfd6 36.a4 Rc2
37.axb5 axb5 38.Ra1 h5 39.Ra8+ Kf7 40.Ra7+ Kf6 41.f4 Rxc3 42.Nd7+ Kf7 43.Rxb5
Rc1+ 44.Kh2 c3 45.Ne5+ Kf6 46.Nxg6 c2 47.Rc7 Kxg6 48.Rg5+ Kh6 49.Rgc5 Rb1
50.Rxc2 Rxb4 51.R7c6 Rg6 52.Rxg6+ Kxg6 53.Rc5 Re4 54.Rc3 Re6 55.Kg3 Kf6 56.Kf3
g6 57.g4 hxg4+ 58.Kxg4 Ra6 59.e4 Ra1 60.e5+ Kf7 61.Rc7+ Ke6 62.Rc6+ Kf7 63.Rd6
Rg1+ 64.Kf3 Rf1+ 65.Ke4 Re1+ 66.Kd5 Rf1 67.Rf6+ Ke7 68.Rxg6 Rxf4 69.Rg7+ Kf8
70.Ra7 Rf1 71.Ke6 Re1 72.Ra8+ Kg7 73.Re8 Ra1 74.Rd8 Ra6+ 75.Ke7 Ra7+ 76.Rd7 Ra6
77.e6 Ra8 78.Rb7 Kg6 79.Rd7 Kg7 80.Rd8 Ra7+ 81.Ke8 Kf6 1/2-1/2

[Event "17. Int. Offene Wiener Schachmeisterschaft 2011 A-
[Site "Grosser Festsaal im Wiener Rathaus"]
[Date "2011.08.20"]
[Round "8"]
[Board "1"]
[White "Petermann, Michail"]
[Black "Szalanczy, Emil"]
[Result "0-1"]
[WhiteElo "2149"]
[BlackElo "2325"]
[PlyCount "106"]
[EventDate "2011.08.13"]
[EventRounds "9"]
[EventCountry "AUT"]

1.e4 c5 2.Nc3 Nc6 3.f4 g6 4.Nf3 Bg7 5.Bc4 Nh6 6.O-O O-O 7.d3 d6 8.Qe1 Nd4 9.Nxd4
cxd4 10.Ne2 e6 11.f5 exf5 12.Ng3 Ng4 13.exf5 d5 14.Bb3 Re8 15.Qd1 Qh4 16.h3 Ne3
17.Bxe3 Rxe3 18.Rf3 Be5 19.Nf1 Bxf5 20.Nxe3 dxe3 21.c3 d4 22.Qf1 Re8 23.Qe2 dxc3
24.bxc3 Bxc3 25.Raf1 Bd4 26.Rf4 Qd8 27.g4 Be6 28.Rxf7 Bxb3 29.axb3 Qd5 30.R7f4
a5 31.Rc1 b5 32.Re4 Rxe4 33.dxe4 Qxe4 34.Rc8+ Kg7 35.Rc7+ Kh6 36.h4 g5 37.hxg5+
Kxg5 38.Rd7 Be5 39.Rd8 Qxg4+ 40.Qxg4+ Kxg4 41.Kg2 Kf4 42.Ra8 Ke4 43.Rd8 Bd4
44.Re8+ Kd3 45.Kf3 h5 46.Rg8 h4 47.Rg2 Bc3 48.Re2 Bd2 49.Rh2 Kc3 50.Ke2 Kxb3
51.Kd3 a4 52.Rh1 Kb2 53.Rxh4 a3 0-1